Endoscopic management of superficial esophageal cancers in 2024 (notice n° 1742442)
[ vue normale ]
| 000 -LEADER | |
|---|---|
| fixed length control field | 02100cam a2200205 4500500 |
| 005 - DATE AND TIME OF LATEST TRANSACTION | |
| control field | 20260322004719.0 |
| 041 ## - LANGUAGE CODE | |
| Language code of text/sound track or separate title | fre |
| 042 ## - AUTHENTICATION CODE | |
| Authentication code | dc |
| 100 10 - MAIN ENTRY--PERSONAL NAME | |
| Personal name | Prouvost, Victor |
| Relator term | author |
| 245 00 - TITLE STATEMENT | |
| Title | Endoscopic management of superficial esophageal cancers in 2024 |
| 260 ## - PUBLICATION, DISTRIBUTION, ETC. | |
| Date of publication, distribution, etc. | 2024.<br/> |
| 500 ## - GENERAL NOTE | |
| General note | 35 |
| 520 ## - SUMMARY, ETC. | |
| Summary, etc. | Esophageal cancer, comprising two histological types (adenocarcinoma and squamous cell carcinoma), has a poor prognosis because it is frequently diagnosed at an advanced stage. In contrast, the survival rates of patients with superficial cancer is excellent. Advances in endoscopic technology, including high-definition endoscopes, chromoendoscopy, and zoom endoscopes, along with the development of new endoscopic classifications, has significantly improved the ability to detect and characterize esophageal lesions. Endoscopic treatments are now recognized as the gold standard treatment for superficial esophageal cancers, with an excellent curative resection rate and a lower morbidity compared to surgery. For superficial tumors, in the absence of ulceration or stricturing lesions, en-bloc “staging” resection can be proposed, with pathology defining the curative potential of the resection. In the case of non-curative resection, rescue treatment (surgery, radiotherapy, or radiochemotherapy) may be proposed. Digestive endoscopy plays a major role in the management of Barrett’s esophagus, helping prevent adenocarcinoma and reducing the risk of metachronous cancer following curative resection. Artificial intelligence is set to play an important role in the detection and characterization of esophageal lesions in the future, but has not yet been validated in clinical practice. |
| 700 10 - ADDED ENTRY--PERSONAL NAME | |
| Personal name | Coron, Emmanuel |
| Relator term | author |
| 700 10 - ADDED ENTRY--PERSONAL NAME | |
| Personal name | Barret, Maximilien |
| Relator term | author |
| 700 10 - ADDED ENTRY--PERSONAL NAME | |
| Personal name | Verdier, Marine |
| Relator term | author |
| 700 10 - ADDED ENTRY--PERSONAL NAME | |
| Personal name | Chapelle, Nicolas |
| Relator term | author |
| 786 0# - DATA SOURCE ENTRY | |
| Note | Hépato-Gastro & Oncologie Digestive | 31 | 1 | 2024-01-01 | p. 14-28 | 2115-3310 |
| 856 41 - ELECTRONIC LOCATION AND ACCESS | |
| Uniform Resource Identifier | <a href="https://stm.cairn.info/journal-hepato-gastro-oncologie-digestive-2024-1-page-14?lang=en&redirect-ssocas=7080">https://stm.cairn.info/journal-hepato-gastro-oncologie-digestive-2024-1-page-14?lang=en&redirect-ssocas=7080</a> |
Pas d'exemplaire disponible.




Réseaux sociaux